Statistiques concernant Trouver les 12 mois en 45 secondes

Cliquez ici pour prendre le quiz!

Statistiques générales

  • Ce quiz a été pris 3 870 fois
  • Le résultat moyen est 10 sur 12

Statistiques - réponses

mois ?réponses% Correct
1janvier
98%
3mars
96%
4avril
94%
2fevrier
94%
5mai
94%
6juin
92%
7juillet
89%
8aout
85%
9septembre
79%
10octobre
75%
11novembre
68%
12decembre
64%

Distribution des résultats

Percentile par nombre de réponses

% des personnes avec chaque résultat

Votre développement - résultats

Vous n’avez pas pris ce quiz